Elsevier´s Telecommunication Dictionary in six Languages Englisch-American, French, Spanish, Italian, German and Dutch /

Uložené v:
Podrobná bibliografia
Hlavný autor: Vissser, A. (Author)
Médium: Kniha
Jazyk:English
French
Spanish
Italian
German
Vydané: Amsterdam : Elsevier Publishing Company, 1960.
Vydanie:1st ed.
ISBN: (viaz.)
Fyzický popis: 1011 s.
Tagy: Pridať tag
Žiadne tagy, Buďte prvý kto otaguje tento záznam!

MARC

LEADER 00000nam a2200000 a 4500
001 000198521
005 20100727172056.0
008 040101s1960 xxu e eng d
020 |a (viaz.)  |c Kčs 237,00 
040 |a SVKKK  |b slo  |c SVKKK  |e AACR2 
041 0 |a eng  |a fre  |a spa  |a ita  |a ger 
044 |a xxu  |c USA 
100 1 |a Vissser, A.  |4 aut 
245 1 0 |a Elsevier´s Telecommunication Dictionary in six Languages Englisch-American, French, Spanish, Italian, German and Dutch /  |c A. Visser. 
250 |a 1st ed. 
260 |a Amsterdam :  |b Elsevier Publishing Company,  |c 1960. 
300 |a 1011 s. 
910 |a svkkk 
998 |a BK 
090 |g SCKHL  |k Sklad Pribinova 2. posch.  |a III.81203  |j 265636  |i 2720014320  |s Prezenčne